| 000 | 00577nam a2200217Ia 4500 | ||
|---|---|---|---|
| 008 | 170203s9999 xx 000 0 und d | ||
| 020 | _a9780545352239 | ||
| 050 | _aFic | ||
| 050 | _b.C683t 2012 | ||
| 100 | _aColando, Lucille | ||
| 245 | _aThere was an old lady who swallowed a Rose! / | ||
| 245 | _cby Lucille Colandro ; illustrated by Jared Lee. | ||
| 260 | _aNew York : | ||
| 260 | _bScholastic Inc., | ||
| 260 | _c2012 | ||
| 300 | _a1 v. (unpaged) : | ||
| 300 | _bcol. ill. ; | ||
| 300 | _c26 cm. | ||
| 650 | _aFolk songs, English-- | ||
| 650 | _xTexts. | ||
| 999 |
_c306009 _d306009 |
||